Rzeczowniki na literę P - Statystyki

Ogólne statystyki
  • Ten quiz został rozwiązany 30 razy
  • Średni wynik to 158 z 381
Statystyki odpowiedzi
Odpowiedź % Poprawnych
palec
100%
pan
100%
pani
100%
para
100%
pies
100%
paczka
94%
pąk
94%
pała
94%
park
94%
pas
94%
paw
94%
pole
94%
por
94%
pot
94%
papier
89%
pasta
89%
piec
89%
piwo
89%
plus
89%
praca
89%
pająk
83%
plan
83%
pomidor
83%
pacha
78%
pajac
78%
papieros
78%
piasek
78%
piłka
78%
piosenka
78%
poduszka
78%
port
78%
potrawa
78%
prąd
78%
prawo
78%
próg
78%
pudło
78%
puma
78%
palma
72%
panda
72%
papuga
72%
parasol
72%
pasek
72%
pawian
72%
pieróg
72%
piła
72%
pióro
72%
plama
72%
płaz
72%
płot
72%
pogoda
72%
post
72%
pachołek
67%
panna
67%
papryka
67%
parówka
67%
pestka
67%
pieczarka
67%
piekarz
67%
pieprz
67%
plecy
67%
plotka
67%
pociąg
67%
poeta
67%
pokaz
67%
policja
67%
pomarańcza
67%
poniedziałek
67%
proch
67%
proszek
67%
pszczoła
67%
pszenica
67%
pączek
61%
pasztet
61%
pedał
61%
pianino
61%
pieniądz
61%
pietruszka
61%
pingwin
61%
pistolet
61%
placek
61%
płacz
61%
płaszcz
61%
plaża
61%
plecak
61%
policzek
61%
pomadka
61%
poza
61%
prasa
61%
prawnik
61%
prom
61%
pula
61%
palnik
56%
pantera
56%
parking
56%
patelnia
56%
piekarnik
56%
pierś
56%
pilnik
56%
pilot
56%
piorun
56%
pisak
56%
pisarz
56%
pisk
56%
pismo
56%
pizza
56%
pluskwa
56%
poczta
56%
podest
56%
podkład
56%
pokój
56%
policjant
56%
porzeczka
56%
prawda
56%
prezent
56%
prezydent
56%
produkcja
56%
przedmiot
56%
przedstawienie
56%
przodek
56%
puder
56%
pustka
56%
panika
50%
paproć
50%
partner
50%
patyk
50%
pelikan
50%
peron
50%
pieg
50%
piekarnia
50%
pięta
50%
plakat
50%
podłoga
50%
pogrzeb
50%
pojazd
50%
pomoc
50%
powódź
50%
pozycja
50%
pralka
50%
przykład
50%
przymiotnik
50%
przyroda
50%
ptak
50%
pytanie
50%
paliwo
44%
pamięć
44%
parodia
44%
pasterz
44%
perfumy
44%
piana
44%
pieczątka
44%
pielucha
44%
pierścionek
44%
piknik
44%
piórnik
44%
piosenkarz
44%
piwnica
44%
plaster
44%
płatek
44%
początek
44%
podpaska
44%
pokora
44%
południe
44%
pompon
44%
poród
44%
poszewka
44%
potok
44%
powietrze
44%
pożar
44%
poziom
44%
prababcia
44%
pracownik
44%
pradziadek
44%
premiera
44%
projekt
44%
przerwa
44%
przyjaciel
44%
pustak
44%
pamiątka
39%
parapet
39%
paznokieć
39%
pęk
39%
perła
39%
pieczeń
39%
pirat
39%
płaszczka
39%
pług
39%
pluszak
39%
podpis
39%
podryw
39%
północ
39%
ponton
39%
porada
39%
poranek
39%
portfel
39%
posterunek
39%
powidło
39%
poziomka
39%
probówka
39%
produkt
39%
program
39%
prosiak
39%
proteza
39%
pryszcz
39%
przecinek
39%
przepiórka
39%
przyprawa
39%
przystanek
39%
punkt
39%
padaczka
33%
pajęczyna
33%
państwo
33%
papaja
33%
parafia
33%
pech
33%
petarda
33%
piaskownica
33%
piekło
33%
piękno
33%
pielgrzymka
33%
piernik
33%
piętro
33%
pirania
33%
plik
33%
pocałunek
33%
pocztówka
33%
podręcznik
33%
pokolenie
33%
pokrzywa
33%
pomnik
33%
pompka
33%
popiół
33%
pościel
33%
potrzeba
33%
pożyczka
33%
proboszcz
33%
proces
33%
promień
33%
prorok
33%
prysznic
33%
przedszkole
33%
przepaść
33%
przyjaźń
33%
pyza
33%
pagórek
28%
pakiet
28%
pakt
28%
parlament
28%
parter
28%
patron
28%
peruka
28%
pesymista
28%
picie
28%
pielęgniarz
28%
piłkarz
28%
plastelina
28%
płótno
28%
podatek
28%
pojedynek
28%
pomysł
28%
popcorn
28%
portret
28%
porządek
28%
postać
28%
powaga
28%
powiat
28%
proca
28%
profesor
28%
prostokąt
28%
przepis
28%
przeszkoda
28%
przycisk
28%
przygoda
28%
przyjęcie
28%
puls
28%
pacynka
22%
panel
22%
pantofle
22%
parmezan
22%
pasmo
22%
paszport
22%
pedagog
22%
pędzel
22%
perkusja
22%
petycja
22%
pieprzyk
22%
pierwiastek
22%
piramida
22%
piszczel
22%
piżama
22%
pleśń
22%
płetwa
22%
polędwica
22%
porcelana
22%
powieść
22%
praktyka
22%
problem
22%
producent
22%
prognoza
22%
projektant
22%
projektor
22%
prokurator
22%
promenada
22%
promocja
22%
przemoc
22%
przychodnia
22%
pył
22%
partia
17%
pensja
17%
pępek
17%
pigułka
17%
plastik
17%
podium
17%
podwórko
17%
pogotowie
17%
połączenie
17%
poradnik
17%
porcja
17%
poręcz
17%
posiłek
17%
pralnia
17%
prolog
17%
propozycja
17%
przelew
17%
przestępstwo
17%
przewód
17%
przewodnik
17%
przeziębienie
17%
przyczepa
17%
przykrość
17%
psycholog
17%
puzzle
17%
pycha
17%
pacjent
11%
paragraf
11%
paraliż
11%
pasja
11%
pistacja
11%
plomba
11%
podniebienie
11%
polar
11%
popularność
11%
postęp
11%
powitanie
11%
pożegnanie
11%
prędkość
11%
przeprosiny
11%
przepustka
11%
prześcieradło
11%
przestępca
11%
przeszczep
11%
przymierzalnia
11%
przysmak
11%
przywódca
11%
psychiatra
11%
publiczność
11%
panorama
6%
patologia
6%
październik
6%
pęcherz
6%
pensjonat
6%
plakietka
6%
pobudka
6%
podkolanówka
6%
popołudnie
6%
pośladek
6%
pralina
6%
profil
6%
propaganda
6%
protest
6%
przebój
6%
przeciwnik
6%
przegrana
6%
paradoks
0%
pesel
0%
potencjał
0%
powstanie
0%
powtórka
0%
pożądanie
0%
przebranie
0%
przysługa
0%
pseudonim
0%
Nie znaleziono quizów pasujących do podanych kryteriów
Rozkład punktacji
Procent ludzi z każdym wynikiem
Percentyl według liczby udzielonych odpowiedzi
Twoja historia wyników
Nie rozwiązałeś tego quizu